📖 150 premiers mots "J'étais là avant" Katherine Pancol - Statistiques

Statistiques générales
  • Ce quiz a Ă©tĂ© pris 11 fois
  • Le rĂ©sultat moyen est 85 sur 150
Statistiques - réponses
Mots % Correct
Ă 
100%
d'
100%
de
100%
et
100%
J'
100%
j'
100%
Je
100%
je
100%
l'
100%
le
100%
les
100%
Les
100%
m'
100%
me
100%
me ...
100%
il
90%
Oh!
90%
pour
90%
mais
80%
mes
80%
n'
80%
ou
80%
avec
70%
ce
70%
dans
70%
ne
70%
Par
70%
pas
70%
pas.
70%
qu'
70%
un
70%
une
70%
arrive
60%
est
60%
eux,
60%
lui.
60%
moi,
60%
moi
60%
mon
60%
qui
60%
sans
60%
suis
60%
tout
60%
aime
50%
autre
50%
contre
50%
hommes.
50%
hommes...
50%
leur
50%
plus
50%
quand
50%
aimer
40%
autres
40%
bras
40%
bras,
40%
jamais
40%
prends
40%
trop
40%
vers
40%
accroche
30%
autour
30%
corps,
30%
corps.
30%
deux
30%
envie
30%
séduire,
30%
forte,
20%
mots,
20%
rĂŞves
20%
bonheurs
10%
comprends
10%
élance
10%
entends
10%
fondre
10%
intimité.
10%
intimité,
10%
jeter
10%
mille
10%
offre
10%
offrir
10%
profond
10%
accès
0%
besoin
0%
caresser,
0%
circonvenir,
0%
domestiques
0%
donne
0%
éloigner
0%
entrailles.
0%
exotiques...
0%
facilement.
0%
félicités,
0%
gèle
0%
généreuse
0%
impérieux,
0%
interdit.
0%
once
0%
plutĂ´t
0%
projets,
0%
promets
0%
secret,
0%
verrouillé,
0%
Aucun quiz correspondant
Distribution des résultats
% des personnes avec chaque résultat
Percentile par nombre de réponses
Votre historique - résultats
Vous n’avez pas pris ce quiz